000 00822nam a22002417a 4500
005 20160720113317.0
008 160405b xxu||||| |||| 00| 0 eng d
020 _a9781442627000
_c1917
040 _beng
041 _aEnglish
082 _a823.9109
_bHEF
100 _aHeffernan, Teresa
_d1962-
245 _aPost-Apocalyptic culture
_bModernism, Postmodernism, and the twentieth-century novel
_cTeresa Heffernan
260 _aToronto
_bUniversity of Toronto Press
_c2008
300 _ax,208p
_b23 cm
504 _aIncludes bibliographical references and index
650 _aEnglish fiction
_xHistory and criticism
_y20th century
650 _aAmerican fiction
_xHistoryand criticism
_y20th century
650 _aModernism (Literature)
650 _aPostmodernism (Literature)
850 _aLCLIB
_bPG
942 _cBK
999 _c40552
_d91031